Doksan üç / (Kayıt no. 2238)

MARC ayrıntıları
000 -BAŞLIK
Sabit Uzunluktaki Kontrol Alanı 00525nam a22001937a 4500
003 - KONTROL NUMARASI KİMLİĞİ
Kontrol Alanı KOHA_MİRAKIL
005 - EN SON İŞLEM TARİHİ ve ZAMANI
Kontrol Alanı 20240930101018.0
008 - SABİT UZUNLUKTAKİ VERİ ÖGELERİ - GENEL BİLGİ
Sabit Alan 240929b2022 tu ||||| |||| 00| 0 tur d
020 ## - ISBN - ULUSLARARASI STANDART KİTAP NUMARASI
Isbn 9789750523212
040 ## - KATALOGLAMA KAYNAĞI
Özgün Kataloglama Kurumu TR-AnABB
Kataloglama Dili tur
Çeviri Kurumu TR-AnABB
041 ## - DİL KODU
Metin ya da ses kaydının dil kodu tur
082 ## - DEWEY ONU SINIFLAMA SİSTEMİ
Sınıflama Numarası 843.8
Cutter numarası HUG 2022
100 ## - KİŞİ ADI
Yazar Adı (Kişi adı) Hugo, Victor,
İsimle ilişkili tarihler 1802-1885.
245 #0 - ESER ADI BİLDİRİMİ
Başlık Doksan üç /
Sorumluluk Bildirimi Victor Hugo.
260 ## - YAYIN, DAĞITIM, VB.
Yayın Yeri Ankara :
Yayınevi Kent Yayıncılık,
Yayın Tarihi 2022.
300 ## - FİZİKSEL TANIMLAMA
Sayfa, Cilt vb. 443 sayfa ;
Boyutları 21 cm.
650 ## - KONU BAŞLIĞI EK GİRİŞ - KONU TERİMİ
Konusal terim veya coğrafi ad Fransız edebiyatı, roman
942 ## - EK GİRİŞ ÖGELERİ (KOHA)
Sınıflama Kaynağı Dewey Decimal Classification
Materyal Türü Kitap
Mevcut
Geri Çekilme Durumu Kayıp Durumu Sınıflandırma Kaynağı Kredi için değil Kalıcı Konum Mevcut Konum Kayıt Tarih Edinim Kaynağı Toplam Ödünçverme Yer Numarası Demirbaş Numarası Son Görülme Tarihi Fatura Tarihi Materyal Türü
    Dewey Decimal Classification   Büyükşehir Genç Akademi Batıkent Büyükşehir Genç Akademi Batıkent 11/11/2025     843.8 HUG 2022 ABB125130 11/11/2025 11/11/2025 Kitap
    Dewey Decimal Classification   ODTÜ Çalışma İstasyonu ODTÜ Çalışma İstasyonu 29/09/2024     843.8 HUG 2022 ABB109213 30/09/2024 30/09/2024 Kitap